[Event "Moscow Petrosian Memorial op"]
[Site "Moscow"]
[Date "2015.01.11"]
[Round "8"]
[White "Yurovskikh, Yasmin"]
[Black "Tadevosjan, Melis"]
[Result "1-0"]
[WhiteElo "1834"]
[BlackElo "1666"]
[PlyCount "85"]
[EventDate "2015.01.04"]
[EventType "swiss"]
[EventRounds "9"]
[EventCountry "RUS"]
[SourceTitle "CBM 164 Extra"]
[Source "ChessBase"]
[SourceDate "2015.03.02"]
[SourceVersion "1"]
[SourceVersionDate "2015.03.02"]
[SourceQuality "1"]

1. e4 e6 2. d4 d5 3. Nc3 Nf6 4. Bb5+ c6 5. Bd3 c5 6. Nf3 c4 7. Be2 Nxe4 8. Nxe4 dxe4 9. Ne5 Nc6 10. Nxc6 bxc6 11. Bxc4 f5 12. 0-0 Be7 13. c3 0-0 14. Qb3 Qd6 15. f3 exf3 16. Rxf3 Kh8 17. Bf4 Qd7 18. Re1 Rf6 19. Rfe3 Qb7 20. Qxb7 Bxb7 21. Bxe6 h6 22. Bxf5 Rxf5 23. Rxe7 Ba6 24. Bg3 Raf8 25. h3 Bc4 26. Rxa7 Bd5 27. b3 Rg5 28. Kh2 Rf2 29. Rg1 Rc2 30. c4 Be4 31. Re7 Re2 32. a4 h5 33. h4 Rg4 34. Re5 g6 35. Rg5 Rxg5 36. hxg5 Bc2 37. a5 Bxb3 38. Be5+ Kg8 39. Ra1 Rf2 40. a6 Rf8 41. a7 Ra8 42. Rb1 Rxa7 43. Rxb3 1-0